De lo bueno poco N§2: Homenajes
保存先:
| 主要な著者: | , |
|---|---|
| フォーマット: | 図書 |
| 言語: | スペイン語 |
| 出版事項: |
Valparaíso
Luz Propia
2000
|
| シリーズ: | Poesía Popular
|
| 主題: | |
| タグ: |
タグ追加
タグなし, このレコードへの初めてのタグを付けませんか!
|
MARC
| LEADER | 00000nam a2200000 a 4500 | ||
|---|---|---|---|
| 001 | UCM0983 | ||
| 003 | CL-VaPUC | ||
| 008 | 020322e20000000CL |||||||||||||||||spa|d | ||
| 082 | 0 | 4 | |a 398.2 |b MUÑ |2 21 |
| 100 | |a Muñoz Aguilera, Carlos |e autor |9 549374 | ||
| 700 | 0 | |a El Diantre |e author |9 467976 | |
| 245 | 1 | 0 | |a De lo bueno poco N§2: Homenajes |
| 300 | |a 17 p | ||
| 942 | |c BK | ||
| 945 | |d 20020322 00:00:00 |a cmena | ||
| 260 | |a Valparaíso |b Luz Propia |c 2000 | ||
| 650 | 0 | |a Poesías chilenas |9 265280 | |
| 650 | 0 | |a Literatura chilena |9 308278 | |
| 583 | |a last modification |c 20020322 00:00:00 |k Rodrigo Vera | ||
| 490 | 0 | |a Poesía Popular | |
| 999 | |c 299710 |d 299708 | ||
| 952 | |0 0 |1 0 |4 0 |6 398_200000000000000_MUÑ_2000 |7 0 |8 X |9 356590 |a FDOMLP |b FDOMLP |d 2019-11-21 |i 3799131 |o 398.2 MUÑ 2000 |p 3799131 |r 2019-11-21 |w 2019-11-21 |y BK_X |k BU2 | ||